1787 1611 1617 1210 1821 1115 1533 1352 1275 1187 1561 1895 1702 1279 1518 1271 1900 1099 1767 1193 1063 1670 1895 1358 1491 1692 1877 1351 1479 1392 1217 1302 1545 1633 1711 1901 1134 1372 1592 1199 1276 1135 1478 1731 1116 1956 1787 1450 1659 1644 1908 1144 1114 1070 1247 1790 1161 1675 1412 1597 1529 1862 1810 1648 1393 1838 1836 1342 1498 1656 1682 1268 1371 1483 1349 1311 1632 1194 1484 1910 1133 1177 1730 1920 1933 1974 1021 1458 1184 1175 1020 1412 1658 1093 1448 1018 1751 1552 1716 BCNSPRNW ULIB Ver.6.0+V

เปลี่ยนเป็นภาษาไทย

Change to English
 แสดงรายละเอียดบรรณานุกรม
  กลับหน้าหลัก

Brief Record : Get Marc (ISO 2709) : E-mail record : QR code < ปิดหน้าต่าง
LEADER : 00000nam 2200000uu 4500
001    13399120696
003     ULIB
008    020711s2551 th a 000 0 tha d
020    9789743196966
050  4 ^aBF713^bต178ค
100    Tack Vacharat
245    ค้นพบตนเอง /^cTack Vacharat
260    กรุงเทพฯ :^bสบาย สบาย,^c2551
300    139 หน้า
650    จิตวิทยา
945    ^p145^l0^i18150
999    ^aทศพร เกษรทอง
รายการนี้ยังไม่มีแท็ก
คุณยังไม่ได้ล็อกอิน คุณสามารถมีกิจกรรมร่วมกับเว็บไซต์ได้ แต่ต้องล็อกอินก่อน ::
  ล็อกอิน

รายการสื่อสารสนเทศ

ลำดับที่ ประเภท เลขเรียก/บาร์โค้ด สถานที่ สถานะ
1. การศึกษาทั่วไป
การศึกษาทั่วไป
BF713 ต178ค ฉ.1 
  Barcode: 18150
ห้องสมุดวิทยาเขตสวรรค์ประชารักษ์
►หนังสือทั่วไป
บนชั้น

รายการใกล้เคียง
    ผู้แต่ง [Tack Vacharat]

    หัวเรื่อง [จิตวิทยา]

BibComment


ยังไม่เคยถูกคอมเมนท์

คอมเมนท์ทรัพยากรรายการนี้
  คอมเมนท์: ค้นพบตนเอง Tack ..


 Copyright 2026. Bcnsprnw @Library